[Event "21st Dubai Open 2019"]
[Site "Dubai"]
[Date "2019.04.01"]
[Round "1.27"]
[White "Vishnu, Prasanna. V"]
[Black "Saif, Malek"]
[Result "1-0"]
[WhiteElo "2515"]
[BlackElo "2019"]
[Annotator "TA"]
[PlyCount "75"]
[EventDate "2019.04.01"]
[EventType "swiss"]
[EventCountry "UAE"]
[SourceTitle "playchess.com"]
[Source "ChessBase"]
[SourceQuality "1"]

{[%evp 17,75,4,10,9,8,-8,0,-4,-5,-43,26,18,25,22,144,106,161,84,172,159,160,169,147,134,230,225,260,220,291,273,290,273,286,282,362,340,331,299,643,189,649,630,589,592,672,484,681,652,662,660,709,697,1280,1268,1250,1233,29989,29990,29993,29994]} 1. d4 Nf6 2. Nf3 d6 3. c4 Nbd7 4. Nc3 e5 5. e4 g6 6. Be2 Bg7 7. d5 Nc5 8. Nd2 a5 9. O-O O-O {LiveBook: 76 Games} 10. Re1 {E94: King's Indian: Classical: 6 Be2 e5 7 0-0: Various Black 7th moves} (10. b3 Bh6 11. Qc2 Ne8 12. Nf3 Bxc1 13. Raxc1 f5 14. Nd2 Nf6 15. a3 Ncxe4 16. Ndxe4 fxe4 17. Nxe4 Bf5 18. Nxf6+ Qxf6 19. Qd2 b6 20. Rc3 {½-½ (20) Pantsulaia,L (2607)-Gagunashvili,M (2588) Tbilisi 2017}) 10... Nfd7 11. Nf1 $146 {[%cal Bd2f1,Bf1g3,Bg3h5][%mdl 32]} ({Predecessor:} 11. b3 f5 12. Bf1 Nf6 13. f3 h5 14. Rb1 Bh6 15. a3 fxe4 16. Ndxe4 Ncxe4 17. Nxe4 Bxc1 18. Qxc1 Nxe4 19. fxe4 {½-½ (42) Nigalidze,G (2460)-Asgarov,M (2234) Tabriz 2012}) 11... f5 12. exf5 {The position is equal.} gxf5 13. f4 e4 ({Better is} 13... a4 $15) 14. Be3 $11 b6 15. Ng3 Nb8 {[#]} (15... Bxc3 $11 {keeps the balance.} 16. bxc3 Qf6) 16. Nh5 $1 $16 Bh8 {[#]} (16... Nbd7 $16 {is a better defense.}) 17. Bd4 (17. g4 $1 $18) 17... Qe7 ({Not} 17... Nd3 $2 18. Bxh8 Nxe1 19. Qxe1 $18) (17... Nbd7 $16) 18. Bxh8 $18 Kxh8 19. Qd4+ Kg8 20. Bd1 {Threatens to win with Re3.} Nbd7 (20... Bd7 $16) 21. Re3 {Hoping for Rg3+.} Kf7 22. Rg3 Rg8 23. Rg7+ Rxg7 24. Qxg7+ Ke8 25. Qh8+ Nf8 26. Nf6+ Kd8 {[#]} 27. Nxh7 $1 {[%mdl 512]} Qxh7 $2 (27... Ncd7) 28. Qxf8+ Kd7 {[#]} 29. Nxe4 $1 {[%mdl 512]} Nxe4 30. Ba4+ c6 31. Bxc6+ Kc7 {Strongly threatening ...Bb7.} 32. Bxa8 Qh4 {intending ...Qf2+.} 33. Rf1 Nd2 34. g3 Qh5 {Now ...Qe2 and Black clings on.} 35. Qe7+ Kb8 {[#]} 36. Bc6 $1 Nxc4 37. b3 Qe2 38. Qxe2 {Precision: White = 64%, Black = 37%.} 1-0

[Event "21st Dubai Open 2019"]
[Site "Dubai"]
[Date "2019.04.01"]
[Round "1.27"]
[White "Vishnu Prasanna. V"]
[Black "Saif, Malek"]
[Result "1-0"]
[WhiteElo "2515"]
[BlackElo "2019"]
[Annotator "TA"]
[PlyCount "75"]
[EventDate "2019.04.01"]
[EventType "swiss"]
[EventCountry "UAE"]
[SourceTitle "playchess.com"]
[Source "ChessBase"]
[SourceQuality "1"]

{[%evp 17,75,10,12,0,0,0,0,0,0,-48,25,25,34,24,158,134,154,75,159,170,168,172,175,150,235,219,244,212,272,277,274,281,279,266,337,330,343,300,640,197,647,619,541,548,674,674,674,666,636,665,730,700,1296,1290,1280,1252,29989,29990,29993,29994]} 1. d4 Nf6 2. Nf3 d6 3. c4 Nbd7 4. Nc3 e5 5. e4 g6 6. Be2 Bg7 7. d5 Nc5 8. Nd2 a5 9. O-O O-O 10. Re1 {E94: King's Indian: Classical: 6 Be2 e5 7 0-0: Various Black 7th moves} (10. b3 Bh6 11. Qc2 Ne8 12. Nf3 Bxc1 13. Raxc1 f5 14. Nd2 Nf6 15. a3 Ncxe4 16. Ndxe4 fxe4 17. Nxe4 Bf5 18. Nxf6+ Qxf6 19. Qd2 b6 20. Rc3 {½-½ (20) Pantsulaia,L (2607)-Gagunashvili,M (2588) Tbilisi 2017}) 10... Nfd7 11. Nf1 $146 ({Predecessor:} 11. b3 f5 12. Bf1 Nf6 13. f3 h5 14. Rb1 Bh6 15. a3 fxe4 16. Ndxe4 Ncxe4 17. Nxe4 Bxc1 18. Qxc1 Nxe4 19. fxe4 {½-½ (42) Nigalidze,G (2460)-Asgarov,M (2234) Tabriz 2012}) 11... f5 12. exf5 {The position is equal.} gxf5 13. f4 e4 ({Better is} 13... a4 $15 14. Ng3 a3 $1 {[%mdl 512]}) 14. Be3 $11 b6 15. Ng3 Nb8 (15... Bxc3 $1 $11 16. bxc3 Qh4) 16. Nh5 $1 $16 Bh8 17. Bd4 (17. g4 $142) 17... Qe7 ({Don't go for} 17... Nd3 $2 18. Bxh8 Nxe1 19. Qd4 $18) (17... Nbd7 $142) 18. Bxh8 Kxh8 19. Qd4+ Kg8 20. Bd1 $36 {[%mdl 2048] Strongly threatening Re3. Keeping Black busy.} Nbd7 (20... Bd7 $16) 21. Re3 $18 {aiming for Rg3+.} Kf7 22. Rg3 Rg8 {[#]} 23. Rg7+ $1 Rxg7 24. Qxg7+ {[%mdl 64] Double Attack} Ke8 {[#]} 25. Qh8+ $1 Nf8 26. Nf6+ Kd8 {[#]} 27. Nxh7 $1 {[%mdl 576] Deflection} Qxh7 $2 (27... Ncd7) 28. Qxf8+ Kd7 {[#]} 29. Nxe4 $1 {[%mdl 576] Deflection} Nxe4 30. Ba4+ c6 31. Bxc6+ {[%mdl 64] Double Attack} Kc7 {Threatens to win with ...Bb7.} 32. Bxa8 Qh4 {intending ...Qf2+.} 33. Rf1 Nd2 34. g3 Qh5 35. Qe7+ Kb8 {[#]} 36. Bc6 $1 Nxc4 37. b3 Qe2 38. Qxe2 {Accuracy: White = 68%, Black = 32%.} 1-0

[Event "21st Dubai Open 2019"]
[Site "Dubai"]
[Date "2019.04.01"]
[Round "1.28"]
[White "Sri, Sai Baswanth P"]
[Black "Sanal, Vahap"]
[Result "0-1"]
[WhiteElo "2018"]
[BlackElo "2513"]
[Annotator "TA"]
[PlyCount "72"]
[EventDate "2019.04.01"]
[EventType "swiss"]
[EventCountry "UAE"]
[SourceTitle "playchess.com"]
[Source "ChessBase"]
[SourceQuality "1"]

{[%evp 9,72,-10,24,25,30,20,44,14,14,0,16,0,0,-2,0,1,0,-37,-52,-90,-72,-71,-71,-71,-71,-70,-69,-77,-77,-267,-257,-260,-269,-250,-238,-257,-253,-244,-236,-239,-247,-248,-254,-176,-234,-506,-493,-652,-627,-522,-381,-388,-287,-779,-781,-786,-771,-1027,-924,-1075,-1048,-1633,-1635,-29992,-29993]} 1. d4 Nf6 2. Bf4 c5 3. e3 Qb6 4. Nc3 d6 (4... a6 5. Bc4 cxd4 6. exd4 e6 7. Nge2 d5 8. Bb3 Bd7 9. O-O Be7 10. Qe1 O-O 11. Rd1 Nc6 {1-0 (23) Aronian,L (2767)-Giri,A (2782) chess.com INT 2018}) 5. Qd2 g6 6. O-O-O {A45: Trompowsky Attack} Bg7 7. h4 a6 $146 ({Predecessor:} 7... Nc6 8. h5 Nxh5 9. Nd5 Qd8 10. dxc5 e6 11. Rxh5 gxh5 {½-½ (26) Sedlacek,T (2211)-Shabaev,V (2184) ICCF email 2012}) 8. Be2 {White is slightly better.} h5 9. Bg5 Nbd7 10. Nh3 Qa5 11. Kb1 b5 {[%cal Bb7b5,Bb5b4][%mdl 32]} 12. Bf3 Rb8 13. dxc5 b4 14. Ne4 Nxe4 15. Bxe4 Qxc5 16. Qd5 Bb7 $36 {[%mdl 2048] Black is on the roll.} 17. Qxc5 Nxc5 18. Bxb7 Rxb7 19. f3 $2 {[#]} (19. Nf4 $17 {was called for.}) 19... Na4 $19 20. c3 bxc3 21. b3 Nb2 22. Rd5 Nc4 23. e4 e6 24. Rd3 {[#]} Kd7 $1 25. Bc1 Rc8 {And now ...c2+! would win.} 26. Kc2 Ne5 27. Re3 $2 (27. Rxc3 Rxc3+ 28. Kxc3) 27... Nc6 28. Ba3 Nd4+ 29. Kd3 a5 30. Ng5 Ke8 31. Bxd6 $2 (31. f4) 31... Rd7 32. e5 Nf5 33. Rd1 Nxd6 34. exd6 Rxd6+ 35. Kc2 Rxd1 36. Kxd1 c2+ {Accuracy: White = 52%, Black = 83%.} 0-1

[Event "21st Dubai Open 2019"]
[Site "Dubai"]
[Date "2019.04.01"]
[Round "1.30"]
[White "Mohammed, Dilshad"]
[Black "Visakh N R"]
[Result "0-1"]
[WhiteElo "2006"]
[BlackElo "2509"]
[Annotator "TA"]
[PlyCount "74"]
[EventDate "2019.04.01"]
[EventType "swiss"]
[EventCountry "UAE"]
[SourceTitle "playchess.com"]
[Source "ChessBase"]
[SourceQuality "1"]

{[%evp 11,74,29,41,-9,7,-8,-14,-26,-20,-29,-24,-41,-19,-62,0,-24,0,0,6,-21,-6,-5,-9,-12,-6,-15,-25,-18,-11,-30,-38,-93,-102,-144,-158,-142,-142,-181,-164,-300,-326,-313,-306,-299,-298,-313,-313,-311,-257,-265,-243,-699,-740,-733,-731,-718,-729,-725,-717,-742,-729,-717,-699,-1064,-1050]} 1. Nf3 c5 2. c4 Nc6 3. d4 cxd4 4. Nxd4 Qb6 5. Nb3 Nf6 6. Nc3 e6 {LiveBook: 183 Games} 7. Bf4 {A31: Symmetrical English: 2 Nf3 Nf6 3 d4} (7. Bg5 Bb4 8. Bxf6 gxf6 9. Rc1 a5 10. a3 Be7 11. Na4 Qc7 12. c5 d5 13. cxd6 Qxd6 14. Nb6 Rb8 15. Nxa5 Nxa5 16. Nxc8 Qe5 17. Qc2 {1-0 (60) Krasenkow,M (2631)-Tregubov,P (2581) Porticcio 2018}) 7... Bb4 8. Qc2 $146 ({Predecessor:} 8. e3 d5 9. Bg3 O-O 10. Bd3 a5 11. O-O a4 12. Nd4 a3 13. Na4 Qa5 14. Nxc6 bxc6 {0-1 (57) Skrondal,I (2258)-Tari,A (2450) Norway 2015}) 8... d5 9. cxd5 {The position is equal.} Nxd5 10. Bd2 O-O 11. g3 a5 {And now ...a4 would win.} 12. a4 Bd7 13. Bg2 Rfc8 14. O-O Nce7 15. Nc1 Qa6 16. Nd3 Nxc3 17. bxc3 {aiming for Qb3.} Nd5 $36 {[%cal Rb4c3][%mdl 2048] Black is pushing.} 18. Bxd5 exd5 19. Qb3 Bf8 20. Qxd5 Bc6 21. Qd4 (21. Qa2 $15) 21... Re8 $17 {[%mdl 1024] Black has strong compensation.} 22. Be3 Re4 23. Qb6 {[#]} Qc4 $1 ({Reject} 23... Bxa4 $6 24. f3 $11) (23... Rxa4 24. Qxa6 Rxa6 25. Rxa4 $15) 24. f3 Ra6 25. fxe4 (25. Qxa6 $142 bxa6 26. fxe4) 25... Qxe4 $19 {[%csl Gc6][%cal Re4g2]} ({Much less strong is} 25... Rxb6 26. Bxb6 Qxe4 27. Kf2 $19) 26. Kf2 Rxb6 27. Bxb6 Qg2+ 28. Ke1 Qxh2 29. Bf2 Qg2 30. Ne5 {[#]} Bc5 $1 {[%mdl 512] Strongly threatening ...Bxf2+.} 31. Nxf7 $2 (31. Nxc6 Bxf2+ 32. Rxf2 Qg1+ 33. Rf1 Qxg3+ {[%mdl 64] Double Attack} 34. Kd2 Qg5+ 35. Kd1 bxc6 36. Rb1) (31. Bxc5 Qxg3+) 31... Bxf2+ {[%mdl 64] Overworked Piece. Black is clearly winning.} ({Weaker is} 31... Kxf7 32. Bxc5+ Ke6 33. Rg1 $15) 32. Rxf2 Qg1+ 33. Rf1 Qxg3+ 34. Kd2 Bd5 35. Rab1 Bxf7 36. Rxb7 Qg5+ 37. Kc2 {Rb8+ would kill now.} Bg6+ {Accuracy: White = 31%, Black = 55%.} 0-1

[Event "21st Dubai Open 2019"]
[Site "Dubai"]
[Date "2019.04.01"]
[Round "1.30"]
[White "Mohammed, Dilshad"]
[Black "Visakh, N R"]
[Result "0-1"]
[WhiteElo "2006"]
[BlackElo "2509"]
[Annotator "TA"]
[PlyCount "74"]
[EventDate "2019.04.01"]
[EventType "swiss"]
[EventCountry "UAE"]
[SourceTitle "playchess.com"]
[Source "ChessBase"]
[SourceQuality "1"]

{[%evp 11,74,41,40,-10,0,-16,-8,-31,-37,-35,-19,-34,-26,-41,-16,-22,0,0,0,-20,-8,-20,-20,-27,-11,-18,-16,-18,-14,-52,-31,-114,-96,-166,-162,-164,-150,-160,-158,-327,-323,-331,-310,-310,-307,-312,-313,-327,-280,-296,-293,-757,-757,-752,-734,-750,-747,-745,-738,-738,-724,-750,-732,-1567,-1532]} 1. Nf3 c5 2. c4 Nc6 3. d4 cxd4 4. Nxd4 Qb6 5. Nb3 Nf6 6. Nc3 e6 {LiveBook: 183 Games} (6... Ng4 $6 7. c5 $16) 7. Bf4 {A31: Symmetrical English: 2 Nf3 Nf6 3 d4} (7. Bg5 Bb4 8. Bxf6 gxf6 9. Rc1 a5 10. a3 Be7 11. Na4 Qc7 12. c5 d5 13. cxd6 Qxd6 14. Nb6 Rb8 15. Nxa5 Nxa5 16. Nxc8 Qe5 17. Qc2 {1-0 (60) Krasenkow,M (2631)-Tregubov,P (2581) Porticcio 2018}) 7... Bb4 (7... Ng4 $6 8. e3 $16) 8. Qc2 $146 ({Predecessor:} 8. e3 d5 9. Bg3 O-O 10. Bd3 a5 11. O-O a4 12. Nd4 a3 13. Na4 Qa5 14. Nxc6 bxc6 {0-1 (57) Skrondal,I (2258)-Tari,A (2450) Norway 2015}) 8... d5 9. cxd5 {The position is equal.} Nxd5 10. Bd2 O-O 11. g3 a5 {Strongly threatening ...a4.} 12. a4 Bd7 13. Bg2 Rfc8 14. O-O Nce7 15. Nc1 Qa6 16. Nd3 Nxc3 17. bxc3 {Hoping for Qb3.} Nd5 $36 {[%cal Rd5c3][%mdl 2048] White is under pressure.} 18. Bxd5 exd5 19. Qb3 Bf8 20. Qxd5 Bc6 21. Qd4 {[#]} (21. Qa2 $15) 21... Re8 $1 $17 {[%cal Re8e4][%mdl 1024] And now ...Re4 would win. Black has strong compensation.} 22. Be3 (22. c4 $17) 22... Re4 $19 23. Qb6 {[#]} Qc4 $1 ({And not} 23... Bxa4 24. f3 $11) (23... Rxa4 24. Rxa4 Bxa4 25. Qxa6 $15) 24. f3 Ra6 25. fxe4 $2 (25. Qxa6 $17 bxa6 26. fxe4) 25... Qxe4 {[%csl Gc6][%cal Re4g2]} ({Resist} 25... Rxb6 26. Bxb6 Qxe4 27. Kf2 $19) 26. Kf2 {aiming for Qd8.} Rxb6 27. Bxb6 Qg2+ 28. Ke1 Qxh2 29. Bf2 Qg2 30. Ne5 {[#]} Bc5 $1 {[%mdl 512] ...Bxf2+ is the strong threat.} 31. Nxf7 $2 (31. Nxc6 Bxf2+ 32. Rxf2 Qg1+ 33. Rf1 Qxg3+ 34. Kd2 Qg5+ 35. Kd1 bxc6 36. Rb1) (31. Bxc5 Qxg3+) 31... Bxf2+ {Black is clearly winning.} ({Not} 31... Kxf7 32. Bxc5+ Ke6 33. Rg1 $15) 32. Rxf2 Qg1+ 33. Rf1 Qxg3+ 34. Kd2 Bd5 35. Rab1 Bxf7 36. Rxb7 Qg5+ 37. Kc2 Bg6+ {Precision: White = 29%, Black = 72%.} 0-1

[Event "21st Dubai Open 2019"]
[Site "Dubai"]
[Date "2019.04.01"]
[Round "1.31"]
[White "Harsha Bharathakoti"]
[Black "Niklesh, Kumar Jain"]
[Result "1-0"]
[WhiteElo "2497"]
[BlackElo "1995"]
[Annotator "TA"]
[PlyCount "125"]
[EventDate "2019.04.01"]
[EventType "swiss"]
[EventCountry "UAE"]
[SourceTitle "playchess.com"]
[Source "ChessBase"]
[SourceQuality "1"]

{[%evp 17,125,24,18,0,0,0,0,-1,0,0,0,-13,-10,-15,0,-10,-8,-8,14,18,29,26,32,32,26,32,31,27,41,23,22,8,24,27,24,15,17,15,29,29,60,58,64,59,62,62,69,46,41,54,37,43,41,20,20,18,20,25,31,25,29,0,0,0,0,0,0,0,0,-8,-8,-8,-8,-8,-8,-8,-8,-8,-8,-8,-8,-48,-29,-136,-8,-136,-136,-137,0,0,0,0,0,0,29961,29960,29965,29965,29973,29974,29972,29975,29973,29976,29975,29977,29978,29970,12670,9989]} 1. d4 d5 2. c4 e6 3. Nf3 Nf6 4. Bg5 Be7 5. e3 Nbd7 6. Nc3 h6 7. Bh4 O-O 8. Qc2 c5 9. Rd1 Qa5 10. a3 {D61: Queen's Gambit Declined: Classical: 7 Qc2} (10. cxd5 Nxd5 11. Bxe7 Nxe7 12. Be2 Nf6 13. O-O cxd4 14. Rxd4 Nc6 15. Rd2 Bd7 16. Rfd1 Rfd8 17. Qb3 Rab8 {½-½ (49) So,W (2770)-Kramnik,V (2812) Leuven 2016}) 10... Nb6 11. Nd2 {aiming for Bxf6.} dxc4 12. Nxc4 {The position is equal.} Nxc4 13. Bxc4 {[#]} cxd4 $146 ({Predecessor:} 13... Bd7 14. d5 exd5 15. Bxd5 Nxd5 16. Bxe7 Bf5 17. Qxf5 Nxe7 {½-½ (27) Dreev,A (2590)-Baburin,A (2520) Helsinki 1992}) 14. Rxd4 Rd8 15. Rxd8+ Qxd8 16. O-O a6 17. Rd1 Qc7 18. Bb3 Bd7 19. Nd5 Qxc2 20. Nxe7+ Kf8 21. Bxc2 Kxe7 22. f3 Rc8 23. Rd2 g5 24. Bf2 Nd5 25. e4 Nf4 26. Bd4 f6 27. g3 Ng6 28. Kf2 Ne5 29. f4 gxf4 30. gxf4 Ng6 31. Be3 Bc6 32. f5 exf5 33. exf5 Ne5 34. Bc5+ Kf7 35. Bb3+ Kg7 36. Be6 Bd7 $1 {[%cal Rd7e6]} 37. b4 Bxe6 38. fxe6 $11 {[%mdl 4096] Endgame KRB-KRN} Re8 39. Rd6 Kg6 40. Rb6 Nc4 41. Rxb7 {e7 is the strong threat.} Rxe6 42. a4 Nb2 43. Rb6 Nd3+ 44. Kf3 Rxb6 45. Bxb6 {Hoping for b5.} Nxb4 {KB-KN} 46. Ke4 f5+ 47. Kd4 Kg5 48. Kc4 Nc6 49. Bg1 Ne5+ 50. Kc5 (50. Kb4 $1 $11) 50... Nf3 $1 $17 {[%cal Rf3g1]} 51. Bf2 (51. Be3+ $1 $11 {was the only way to keep the balance.} f4 52. Bxf4+ Kxf4 53. Kb6) 51... Nxh2 52. Kb6 {[#]} Ng4 (52... h5 $1 $17 {[%cal Rh5h4]} 53. Kxa6 h4 54. Bxh4+ Kxh4) 53. Bg1 $1 $11 f4 54. Kxa6 f3 (54... h5 $5 55. a5 $8 h4 $11) 55. a5 f2 $2 {[%mdl 8192] [#]} (55... h5 $11 56. Kb6 h4) 56. Bxf2 $1 {[%mdl 512]} Nxf2 {KN-KP} 57. Kb6 Ne4 {[#]} 58. Kc6 $1 h5 59. a6 h4 60. a7 h3 61. a8=Q Kg4 62. Qb8 Ng3 63. Qb2 {Accuracy: White = 59%, Black = 74%.} 1-0

[Event "21st Dubai Open 2019"]
[Site "Dubai"]
[Date "2019.04.01"]
[Round "1.31"]
[White "Harsha Bharathakoti"]
[Black "Niklesh Kumar Jain"]
[Result "1-0"]
[WhiteElo "2497"]
[BlackElo "1995"]
[Annotator "TA"]
[PlyCount "125"]
[EventDate "2019.04.01"]
[EventType "swiss"]
[EventCountry "UAE"]
[SourceTitle "playchess.com"]
[Source "ChessBase"]
[SourceQuality "1"]

{[%evp 18,125,11,0,-8,-11,0,0,0,0,0,-16,-6,-11,-7,-5,2,-3,8,8,31,31,35,34,34,42,40,42,26,12,13,5,26,25,27,14,18,12,41,30,58,60,65,60,59,60,67,39,33,33,33,33,41,33,33,33,33,31,35,38,25,0,0,0,0,0,0,0,0,-8,-8,-8,-8,-8,-8,-8,-8,-8,-8,-8,-8,-45,-65,-132,-132,-132,-132,-132,0,0,0,0,0,0,29966,29965,29968,29967,29973,29972,29972,29974,29971,29973,29971,29973,29977,29978,29966,11362]} 1. d4 {Ftacnik,L} d5 2. c4 e6 3. Nf3 Nf6 4. Bg5 Be7 5. e3 Nbd7 6. Nc3 h6 7. Bh4 O-O 8. Qc2 c5 9. Rd1 Qa5 10. a3 {LiveBook: 4 Games. D61: Queen's Gambit Declined: Classical: 7 Qc2} (10. cxd5 Nxd5 11. Bxe7 Nxe7 12. Be2 Nf6 13. O-O cxd4 14. Rxd4 Nc6 15. Rd2 Bd7 16. Rfd1 Rfd8 17. Qb3 Rab8 {½-½ (49) So,W (2770)-Kramnik,V (2812) Leuven 2016}) 10... Nb6 11. Nd2 dxc4 12. Nxc4 {The position is equal.} Nxc4 13. Bxc4 {[#]} cxd4 $146 ({Predecessor:} 13... Bd7 14. d5 exd5 15. Bxd5 Nxd5 16. Bxe7 Bf5 17. Qxf5 Nxe7 {½-½ (27) Dreev,A (2590)-Baburin,A (2520) Helsinki 1992 CBM 032 [Ftacnik,L]}) 14. Rxd4 Rd8 15. Rxd8+ Qxd8 16. O-O a6 17. Rd1 Qc7 18. Bb3 Bd7 19. Nd5 Qxc2 20. Nxe7+ Kf8 21. Bxc2 Kxe7 22. f3 Rc8 23. Rd2 g5 24. Bf2 Nd5 25. e4 Nf4 26. Bd4 f6 27. g3 Ng6 28. Kf2 Ne5 29. f4 gxf4 30. gxf4 Ng6 $1 31. Be3 Bc6 32. f5 exf5 33. exf5 Ne5 34. Bc5+ Kf7 35. Bb3+ Kg7 36. Be6 Bd7 37. b4 Bxe6 38. fxe6 $14 {[%mdl 4096] Endgame KRB-KRN} Re8 39. Rd6 Kg6 40. Rb6 Nc4 41. Rxb7 {e7 is the strong threat.} Rxe6 42. a4 Nb2 43. Rb6 Nd3+ 44. Kf3 Rxb6 45. Bxb6 {Threatens to win with b5.} Nxb4 $11 {KB-KN} 46. Ke4 f5+ 47. Kd4 Kg5 48. Kc4 Nc6 49. Bg1 Ne5+ 50. Kc5 (50. Kb4 $1 $15) 50... Nf3 $1 $17 {[%cal Rf3g1]} 51. Bf2 {aiming for Kb6.} Nxh2 52. Kb6 {[#]} Ng4 (52... h5 $1 $17 {[%cal Rh5h4]} 53. Kxa6 h4 54. Bxh4+ Kxh4) 53. Bg1 $1 $11 f4 54. Kxa6 f3 {Hoping for ...h5.} 55. a5 f2 $2 {[%mdl 8192] [#]} (55... h5 $11 56. Kb6 h4) 56. Bxf2 $1 {[%mdl 512] White mates.} Nxf2 {KN-KP} 57. Kb6 Ne4 {[#]} 58. Kc6 $1 ({And not} 58. a6 Nd6 $11) 58... h5 59. a6 h4 60. a7 h3 61. a8=Q Kg4 62. Qb8 Ng3 63. Qb2 {Precision: White = 64%, Black = 58%.} 1-0

[Event "21st Dubai Open 2019"]
[Site "Dubai"]
[Date "2019.04.01"]
[Round "1.32"]
[White "Krithigga, K."]
[Black "Sindarov, Javokhir"]
[Result "0-1"]
[WhiteElo "1994"]
[BlackElo "2495"]
[Annotator "TA"]
[PlyCount "80"]
[EventDate "2019.04.01"]
[EventType "swiss"]
[EventCountry "UAE"]
[SourceTitle "playchess.com"]
[Source "ChessBase"]
[SourceQuality "1"]

{[%evp 9,80,35,29,12,13,1,11,1,8,-52,-53,-44,-20,-14,-16,-16,-16,-38,-30,-37,-26,-43,-32,-44,-49,-46,-41,-45,-30,-37,-41,-59,-53,-61,0,-6,379,-166,-164,-241,-241,-249,-254,-247,-239,-250,-237,-242,-216,-797,-790,-867,-847,-1609,-1083,-1002,-980,-887,-892,-930,-923,-29985,-29986,-29988,-29989,-29991,-29992,-29992,-29993,-29993,-29994,-29994,-29995]} 1. c4 e5 2. g3 Nc6 3. Bg2 Bc5 4. Nc3 a6 5. Nf3 (5. e3 d6 6. Nf3 Nf6 7. O-O O-O 8. h3 Ba7 9. d4 h6 10. dxe5 dxe5 11. Qxd8 Rxd8 12. b3 Be6 13. Ba3 Rd7 14. Rfd1 Rad8 15. Rxd7 Rxd7 {½-½ (41) Howell,D (2676)-Ponomariov,R (2694) Riadh 2017}) 5... Ba7 6. d3 {A25: English Opening vs King's Indian with ...Nc6 but without early d3} Nge7 $146 ({Predecessor:} 6... d6 7. Rb1 Nge7 8. b4 O-O 9. O-O h6 10. a4 f5 11. b5 axb5 12. axb5 {1-0 (53) Ehlvest,J (2536)-Haldorsen,B (2405) chess.com INT 2018}) 7. Rb1 O-O 8. b4 {The position is equal.} d5 9. b5 (9. O-O $11) 9... axb5 $15 10. cxb5 Na5 11. Ba3 Re8 12. O-O f6 13. Nd2 Be6 14. Na4 Nf5 15. Bb4 c6 16. bxc6 Nxc6 17. Bc5 Qa5 18. Bb6 Bxb6 19. Nxb6 Ra6 20. e4 $1 {[%cal Re4f5]} dxe4 21. Nbc4 Qxa2 (21... Qc7 $15 22. Bxe4 Rd8) 22. Bxe4 Re7 $2 {[%mdl 8192] [#]} (22... Ncd4 $11) 23. Qf3 $4 {[%mdl 8192] [#]} (23. Bxc6 $1 $18 {was the only winning move.} Rxc6 24. Ra1 Qxa1 25. Qxa1) 23... Ncd4 $1 $36 {[%cal Rd4f3,Bc6d4,Bd4e2,Be2c3][%mdl 2080] Black has strong initiative.} 24. Qg2 (24. Qd1 $142) 24... b5 25. Rb2 Qa4 ({Stronger than} 25... bxc4 26. Rxa2 Rxa2 27. Nxc4 $11) 26. Ne3 Ne2+ 27. Kh1 Nxe3 28. fxe3 Nc3 29. Bb7 $2 {[#]} (29. Bf3) 29... Rxb7 $1 {[%mdl 512]} 30. Rc1 (30. Qxb7 Bd5+) 30... Rc7 31. Nb1 b4 {[%cal Bb5b4,Bb4c3][%mdl 32]} 32. Nxc3 bxc3 33. Rb8+ Kf7 34. Qf3 Qg4 35. Qg2 Ra2 {Black mates.} 36. Qf1 Bd5+ 37. e4 {[#]} Bxe4+ $1 38. dxe4 Qxe4+ 39. Kg1 Qd4+ 40. Kh1 Qd2 {Accuracy: White = 38%, Black = 68%.} 0-1

[Event "21st Dubai Open 2019"]
[Site "Dubai"]
[Date "2019.04.01"]
[Round "1.32"]
[White "Krithigga K"]
[Black "Sindarov, Javokhir"]
[Result "0-1"]
[WhiteElo "1994"]
[BlackElo "2495"]
[Annotator "TA"]
[PlyCount "80"]
[EventDate "2019.04.01"]
[EventType "swiss"]
[EventCountry "UAE"]
[SourceTitle "playchess.com"]
[Source "ChessBase"]
[SourceQuality "1"]

{[%evp 9,80,25,35,18,10,12,14,-7,0,-35,-40,-46,-9,-17,0,0,-10,-32,-35,-39,-31,-35,-32,-58,-51,-54,-41,-49,-42,-47,-40,-41,-43,-55,0,0,389,-166,-154,-235,-250,-243,-243,-248,-235,-235,-249,-251,-246,-817,-818,-905,-862,-1692,-1128,-975,-1055,-1047,-1047,-1013,-1014,-29985,-29986,-29989,-29989,-29991,-29992,-29992,-29993,-29993,-29994,-29994,-29995]} 1. c4 e5 2. g3 Nc6 3. Bg2 Bc5 4. Nc3 a6 5. Nf3 (5. e3 d6 6. Nf3 Nf6 7. O-O O-O 8. h3 Ba7 9. d4 h6 10. dxe5 dxe5 11. Qxd8 Rxd8 12. b3 Be6 13. Ba3 Rd7 14. Rfd1 Rad8 15. Rxd7 Rxd7 {½-½ (41) Howell,D (2676)-Ponomariov,R (2694) Riadh 2017}) 5... Ba7 6. d3 {A25: English Opening vs King's Indian with ...Nc6 but without early d3} Nge7 $146 ({Predecessor:} 6... d6 7. Rb1 Nge7 8. b4 O-O 9. O-O h6 10. a4 f5 11. b5 axb5 12. axb5 {1-0 (53) Ehlvest,J (2536)-Haldorsen,B (2405) chess.com INT 2018}) 7. Rb1 O-O 8. b4 {The position is equal.} d5 9. b5 axb5 10. cxb5 Na5 11. Ba3 Re8 12. O-O f6 13. Nd2 Be6 14. Na4 Nf5 15. Bb4 c6 16. bxc6 Nxc6 17. Bc5 Qa5 18. Bb6 Bxb6 19. Nxb6 Ra6 20. e4 $1 {[%cal Re4f5]} dxe4 21. Nbc4 Qxa2 ({Better is} 21... Qc7 $15 22. Bxe4 Qe7) 22. Bxe4 $11 Re7 $2 {[%mdl 8192]} (22... Rf8 $11 {and Black stays safe.}) 23. Qf3 $4 {[%mdl 8192] [#]} (23. Bxc6 $1 $18 {is the narrow road to win.} Rxc6 24. Ra1) 23... Ncd4 $1 $36 {[%cal Rd4f3,Bc6d4,Bd4e2,Be2c3][%mdl 2080] Black is in control.} 24. Qg2 (24. Qd1 $17 {was worth a try.}) 24... b5 25. Rb2 Qa4 ({Not} 25... bxc4 26. Rxa2 Rxa2 27. Nxc4 $11) 26. Ne3 {[#]} Ne2+ $1 27. Kh1 Nxe3 28. fxe3 Nc3 29. Bb7 $2 {[#]} (29. Bf3) 29... Rxb7 $1 {[%mdl 512]} 30. Rc1 (30. Qxb7 Bd5+) 30... Rc7 31. Nb1 b4 {[%cal Bb5b4,Bb4c3][%mdl 32]} 32. Nxc3 bxc3 33. Rb8+ Kf7 34. Qf3 Qg4 35. Qg2 Ra2 {Black mates.} 36. Qf1 Bd5+ 37. e4 {[#]} Bxe4+ $1 38. dxe4 Qxe4+ 39. Kg1 Qd4+ 40. Kh1 Qd2 {Accuracy: White = 45%, Black = 75%.} 0-1